vufinder Bibliothèque Municipale de Charleval de Provence
Se connecter
« Retourner aux résultats de recherche

prestigieuse ligue des Passibon (La)

Book Cover
Auteur principal: Edith Nesbit
D'autres auteurs: Amélie Sarn Myrtille Vardelle
Support: Livres
Langue: Francais
Publié: 2025 Novel Paris
Genre: Roman enfant
Sujets:
Étiquettes: Ajouter
Pas de Tags !

LEADER 01905nam0a2200217 450
001 16847269
010 |a 978-2-494362-79-6  |b br.  |d 16,9 € 
100 |a 20250909d2025 u u0frey01 ba 
101 1 |a fre  |c eng 
102 |a FR 
200 0 |a prestigieuse ligue des Passibon (La)  |f Edith Nesbit  |g traduit par Amélie Sarn - illustré par Myrtille Vardelle 
207 1 |a   
210 |a Paris  |c Novel  |d 2025 
215 |a 1 vol. (268 p.)  |c ill.  |d 21 cm 
330 |a La bibliothèque Edith Nesbit s'enrichit d'un nouveau titre phare, inédit en France. Les enfants Bastable viennent de commettre leur plus grosse bêtise : ils ont transformé leur jardin en une véritable jungle afin de rejouer des scènes du Livre de la jungle, causant ainsi de nombreux dégâts. Pour les punir, leur père les envoie passer l'été à la campagne. Sur place, ils décident de créer une ligue dédiée aux bonnes actions, mais leurs efforts tournent souvent au désastre... The Wouldbegoods est l'un des romans les plus marquants d'Edith Nesbit, et son narrateur peu fiable, Oswald Bastable, est son personnage le plus mémorable. Narrateur peu fiable, il embellit les faits, minimise ses propres erreurs et laisse transparaître sa fierté enfantine. Ce style unique en fait l'un des premiers exemples de narration subjective en littérature jeunesse. Edith Nesbit, souvent surnommée « la reine de la littérature jeunesse », est une véritable pionnière du roman pour enfants. Elle a été l'une des premières à écrire des histoires du point de vue des enfants, avec un réalisme et un humour qui restent captivants aujourd'hui. 
700 0 |a Nesbit  |b Edith  |f 1858-1924  |4 70 
702 0 |a Sarn  |b Amélie  |f 1970-....  |4 730 
702 0 |a Vardelle  |b Myrtille  |f 1983-....  |4 440 
900 |a Roman enfant 
901 |a Accessible au prêt 
995 |a Bibliothèque  |c Bibliothèque  |f 024025792  |h 024025792  |k E C3 NES  |o p  |q j  |r az  |e Bibliothèque 

Options de recherche

Historique de recherche
Recherche avancée

Trouver plus

Nouveautés

Besoin d'aide ?

Contacter un bibliothécaire